| 000 | 00584nam a2200169 i 4500 | ||
|---|---|---|---|
| 001 | 111045 | ||
| 003 | ES-MaACL | ||
| 005 | 20230906185229.0 | ||
| 007 | t| | ||
| 008 | 061121s1932 sp r ||||1| spa d | ||
| 100 | 1 |
_aNavascués y de Juan, Joaquín María de. _985219 |
|
| 245 | 1 | 0 |
_aGuía de Tarragona / _cpor Joaquín María de Navascués y de Juan. |
| 260 |
_aMadrid : _bPatronato Nacional de Turismo, _c1932 ( _fTall. Espasa-Calpe) |
||
| 300 |
_a88 p., 1 plano pleg. 16 lam. : _bil. ; _c17 cm. |
||
| 651 | 4 |
_aTarragona- _vGuías turísticas. _9164151 |
|
| 852 |
_aES-MaACL _jA-1152 |
||
| 999 |
_c111045 _d111045 |
||